[Event "ABC 2025 Groep C"]
[Site "Utrecht"]
[Date "????.??.??"]
[Round "1.4"]
[White "Zhang, Xiheng"]
[Black "Sprong, Mehran"]
[Result "1-0"]
[WhiteFideId "8939645"]
[BlackFideId "8730766"]
[WhiteElo "1928"]
[BlackElo "1669"]

1. e4 {[%clk 00:55:19]} c5 {[%clk 00:55:11]} {[%emt 00:00:10]} 2. Nf3 {[%clk
00:55:25]} {[%emt 00:00:04]} Nc6 {[%clk 00:55:08]} {[%emt 00:00:13]} 3. d4
{[%clk 00:55:31]} {[%emt 00:00:04]} cxd4 {[%clk 00:55:03]} {[%emt 00:00:15]} 4.
Nxd4 {[%clk 00:55:36]} {[%emt 00:00:05]} Nf6 {[%clk 00:54:24]} {[%emt
00:00:48]} 5. Nc3 {[%clk 00:55:40]} {[%emt 00:00:06]} g6 {[%clk 00:54:23]}
{[%emt 00:00:13]} 6. Nxc6 {[%clk 00:54:54]} {[%emt 00:00:57]} bxc6 {[%clk
00:52:09]} {[%emt 00:02:22]} 7. e5 {[%clk 00:54:40]} {[%emt 00:00:23]} Ng8
{[%clk 00:51:54]} {[%emt 00:00:26]} 8. Bc4 {[%clk 00:50:57]} {[%emt 00:03:53]}
e6 {[%clk 00:45:43]} {[%emt 00:06:20]} 9. O-O {[%clk 00:48:45]} {[%emt
00:02:22]} Bg7 {[%clk 00:44:33]} {[%emt 00:01:20]} 10. Qe2 {[%clk 00:44:23]}
{[%emt 00:04:32]} Ne7 {[%clk 00:42:44]} {[%emt 00:02:00]} 11. Bg5 {[%clk
00:41:01]} {[%emt 00:03:31]} O-O {[%clk 00:41:35]} {[%emt 00:01:21]} 12. f4
{[%clk 00:36:36]} {[%emt 00:04:34]} Qb6+ {[%clk 00:40:43]} {[%emt 00:01:02]} 13.
Kh1 {[%clk 00:36:12]} {[%emt 00:00:34]} Nf5 {[%clk 00:40:39]} {[%emt 00:00:14]}
14. Na4 {[%clk 00:33:46]} {[%emt 00:02:37]} Qe3 {[%clk 00:38:33]} {[%emt
00:02:15]} 15. Qd1 {[%clk 00:30:38]} {[%emt 00:03:17]} Qe4 {[%clk 00:28:20]}
{[%emt 00:10:24]} 16. Bb3 {[%clk 00:27:34]} {[%emt 00:03:14]} Ne3 {[%clk
00:27:52]} {[%emt 00:00:38]} 17. Qe2 {[%clk 00:26:53]} {[%emt 00:00:51]} Ba6
{[%clk 00:26:04]} {[%emt 00:01:59]} 18. Qf3 {[%clk 00:22:32]} {[%emt 00:04:30]}
Qxf3 {[%clk 00:20:44]} {[%emt 00:05:30]} 19. Rxf3 {[%clk 00:22:35]} {[%emt
00:00:07]} Nf5 {[%clk 00:20:36]} {[%emt 00:00:17]} 20. Nc5 {[%clk 00:21:27]}
{[%emt 00:01:19]} Bc8 {[%clk 00:19:32]} {[%emt 00:01:14]} 21. g4 {[%clk
00:19:48]} {[%emt 00:01:49]} Nd4 {[%clk 00:18:27]} {[%emt 00:01:16]} 22. Rd3
{[%clk 00:19:35]} {[%emt 00:00:22]} Nxb3 {[%clk 00:18:30]} {[%emt 00:00:07]} 23.
axb3 {[%clk 00:19:31]} {[%emt 00:00:14]} f6 {[%clk 00:16:05]} {[%emt 00:02:35]}
24. exf6 {[%clk 00:18:34]} {[%emt 00:01:07]} Bxf6 {[%clk 00:16:09]} {[%emt
00:00:06]} 25. Nxd7 {[%clk 00:14:32]} {[%emt 00:04:11]} Bxd7 {[%clk 00:15:53]}
{[%emt 00:00:27]} 26. Rxd7 {[%clk 00:14:24]} {[%emt 00:00:18]} Bxg5 {[%clk
00:14:59]} {[%emt 00:01:05]} 27. fxg5 {[%clk 00:14:28]} {[%emt 00:00:05]} Rf2
{[%clk 00:13:53]} {[%emt 00:01:15]} 28. Rc1 {[%clk 00:13:03]} {[%emt 00:01:36]}
e5 {[%clk 00:07:12]} {[%emt 00:06:52]} 29. Kg1 {[%clk 00:11:41]} {[%emt
00:01:29]} Rf4 {[%clk 00:06:04]} {[%emt 00:01:20]} 30. h3 {[%clk 00:11:00]}
{[%emt 00:00:51]} e4 {[%clk 00:04:15]} {[%emt 00:02:00]} 31. Re1 {[%clk
00:10:26]} {[%emt 00:00:43]} Re8 {[%clk 00:03:59]} {[%emt 00:00:26]} 32. Rxa7
{[%clk 00:07:46]} {[%emt 00:02:50]} e3 {[%clk 00:04:07]} {[%emt 00:00:02]} 33.
Rd7 {[%clk 00:07:03]} {[%emt 00:00:52]} Rf2 {[%clk 00:03:54]} {[%emt 00:00:24]}
34. Rxe3 {[%clk 00:05:35]} {[%emt 00:01:38]} Rxe3 {[%clk 00:04:01]} {[%emt
00:00:02]} 35. Kxf2 {[%clk 00:05:36]} {[%emt 00:00:11]} Rxh3 {[%clk 00:04:03]}
{[%emt 00:00:08]} 36. Rd2 {[%clk 00:04:12]} {[%emt 00:01:32]} Rh1 {[%clk
00:02:01]} {[%emt 00:02:13]} 37. Kg2 {[%clk 00:01:56]} {[%emt 00:02:26]} Ra1
{[%clk 00:01:17]} {[%emt 00:00:55]} 38. Rd6 {[%clk 00:01:45]} {[%emt 00:00:21]}
Ra6 {[%clk 00:01:21]} {[%emt 00:00:06]} 39. b4 {[%clk 00:01:09]} {[%emt
00:00:45]} Rb6 {[%clk 00:01:22]} {[%emt 00:00:10]} 40. c3 {[%clk 00:01:06]}
{[%emt 00:00:12]} Kg7 {[%clk 00:01:29]} {[%emt 00:00:03]} 41. Kf3 {[%clk
00:01:05]} {[%emt 00:00:12]} Kf7 {[%clk 00:01:15]} {[%emt 00:00:24]} 42. Rd7+
{[%clk 00:01:02]} {[%emt 00:00:12]} Kg8 {[%clk 00:01:23]} {[%emt 00:00:02]} 43.
Rc7 {[%clk 00:01:06]} {[%emt 00:00:07]} Ra6 {[%clk 00:01:04]} {[%emt 00:00:28]}
44. Ke4 {[%clk 00:00:53]} {[%emt 00:00:22]} Rb6 {[%clk 00:00:52]} {[%emt
00:00:23]} 45. Kd4 {[%clk 00:00:38]} {[%emt 00:00:25]} Kh8 {[%clk 00:01:00]}
{[%emt 00:00:01]} 46. Kc4 {[%clk 00:00:26]} {[%emt 00:00:23]} Kg8 {[%clk
00:01:06]} {[%emt 00:00:04]} 47. Kd4 {[%clk 00:00:22]} {[%emt 00:00:14]} Kh8
{[%clk 00:01:15]} {[%emt 00:00:01]} 48. Ke5 {[%clk 00:00:25]} {[%emt 00:00:07]}
Kg8 {[%clk 00:01:19]} {[%emt 00:00:06]} 49. Kd6 {[%clk 00:00:33]} {[%emt
00:00:03]} Rb5 {[%clk 00:01:24]} {[%emt 00:00:05]} 50. Rxc6 {[%clk 00:00:38]}
{[%emt 00:00:04]} Rxg5 {[%clk 00:01:32]} {[%emt 00:00:01]} 51. Rc4 {[%clk
00:00:39]} {[%emt 00:00:10]} h5 {[%clk 00:01:31]} {[%emt 00:00:11]} 52. gxh5
{[%clk 00:00:41]} {[%emt 00:00:08]} gxh5 {[%clk 00:01:40]} {[%emt 00:00:01]} 53.
Rh4 {[%clk 00:00:34]} {[%emt 00:00:17]} Kf7 {[%clk 00:01:37]} {[%emt 00:00:13]}
54. Kc6 {[%clk 00:00:27]} {[%emt 00:00:18]} Rg6+ {[%clk 00:01:33]} {[%emt
00:00:13]} 55. Kd5 {[%clk 00:00:35]} {[%emt 00:00:02]} Rg5+ {[%clk 00:01:42]}
{[%emt 00:00:01]} 56. Ke4 {[%clk 00:00:43]} {[%emt 00:00:02]} Kg6 {[%clk
00:01:48]} {[%emt 00:00:04]} 57. c4 {[%clk 00:00:47]} {[%emt 00:00:07]} Rg2
{[%clk 00:01:44]} {[%emt 00:00:13]} 58. c5 {[%clk 00:00:39]} {[%emt 00:00:19]}
Rxb2 {[%clk 00:01:51]} {[%emt 00:00:03]} 59. Kd5 {[%clk 00:00:38]} {[%emt
00:00:10]} Rxb4 {[%clk 00:01:56]} {[%emt 00:00:03]} 60. Rxb4 {[%clk 00:00:47]}
{[%emt 00:00:03]} Kg5 {[%clk 00:02:05]} {[%emt 00:00:01]} 61. c6 {[%clk
00:00:56]} {[%emt 00:00:01]} h4 {[%clk 00:02:14]} 62. c7 {[%clk 00:01:05]}
{[%emt 00:00:02]} h3 {[%clk 00:02:23]} 63. c8=Q {[%clk 00:01:20]} {[%emt
00:00:04]} 1-0

[Event "ABC 2025 Groep C"]
[Site "Utrecht"]
[Date "????.??.??"]
[Round "1.5"]
[White "Thakkar, Viaan"]
[Black "Xu, Alex Z"]
[Result "0-1"]
[WhiteFideId "8975824"]
[BlackFideId "8883292"]
[WhiteElo "1669"]
[BlackElo "1920"]

1. e4 {[%emt 00:02:17]} c5 {[%emt 00:00:03]} 2. c3 {[%emt 00:00:06]} d5 {[%emt
00:00:03]} 3. exd5 {[%emt 00:00:04]} Qxd5 {[%emt 00:00:06]} 4. d4 {[%emt
00:00:07]} cxd4 {[%emt 00:00:04]} 5. cxd4 {[%emt 00:00:04]} Nc6 {[%emt
00:00:06]} 6. Nf3 {[%emt 00:00:17]} Bg4 {[%emt 00:00:05]} 7. Nc3 {[%emt
00:00:09]} Bxf3 {[%emt 00:00:05]} 8. Nxd5 {[%emt 00:00:09]} Bxd1 {[%emt
00:00:05]} 9. Nc7+ {[%emt 00:00:07]} Kd7 {[%emt 00:00:03]} 10. Nxa8 {[%emt
00:00:06]} Bh5 {[%emt 00:00:05]} 11. Bf4 {[%emt 00:00:15]} Nxd4 {[%emt
00:00:32]} 12. Rc1 {[%emt 00:00:16]} Nc6 {[%emt 00:00:44]} 13. Bb5 {[%emt
00:00:10]} e6 {[%emt 00:00:46]} 14. O-O {[%emt 00:00:14]} Bd6 {[%emt 00:00:22]}
15. Bxd6 {[%emt 00:00:33]} Kxd6 {[%emt 00:00:02]} 16. f3 {[%emt 00:00:12]} Nge7
{[%emt 00:00:33]} 17. Rfd1+ {[%emt 00:00:18]} Nd5 {[%emt 00:00:11]} 18. Nb6
{[%emt 00:01:38]} axb6 {[%emt 00:00:06]} 19. Kf2 {[%emt 00:00:24]} Rd8 {[%emt
00:00:33]} 20. g4 {[%emt 00:00:19]} Bg6 {[%emt 00:00:07]} 21. Kg3 {[%emt
00:00:10]} Kc7 {[%emt 00:01:17]} 22. h4 {[%emt 00:00:22]} h6 {[%emt 00:00:31]}
23. h5 {[%emt 00:00:47]} Bh7 {[%emt 00:00:09]} 24. a3 {[%emt 00:00:11]} Rd6
{[%emt 00:00:47]} 25. b4 {[%emt 00:00:53]} Kb8 {[%emt 00:00:45]} 26. Kh4 {[%emt
00:00:50]} Ne5 {[%emt 00:02:39]} 27. f4 {[%emt 00:00:30]} Nc6 {[%emt 00:00:27]}
28. Kg3 {[%emt 00:00:30]} Kc7 {[%emt 00:02:09]} 29. Bc4 {[%emt 00:01:08]} Kd7
{[%emt 00:01:31]} 30. f5 {[%emt 00:00:23]} Ne3 {[%emt 00:03:09]} 31. fxe6+
{[%emt 00:00:45]} fxe6 {[%emt 00:00:07]} 32. Bxe6+ {[%emt 00:01:33]} Kxe6
{[%emt 00:00:10]} 33. Re1 {[%emt 00:00:27]} Rd3 {[%emt 00:00:15]} 34. Kf2
{[%emt 00:00:23]} Rxa3 {[%emt 00:01:02]} 35. Rb1 {[%emt 00:00:38]} Bxb1 {[%emt
00:00:31]} 36. Rxb1 {[%emt 00:00:21]} Nxg4+ {[%emt 00:00:09]} 37. Ke1 {[%emt
00:00:40]} Nd4 {[%emt 00:00:22]} 38. b5 {[%emt 00:00:51]} Re3+ {[%emt
00:00:14]} 39. Kf1 {[%emt 00:00:11]} Re2 {[%emt 00:00:37]} 40. Re1 {[%emt
00:00:02]} Rxe1+ {[%emt 00:00:07]} 41. Kxe1 {[%emt 00:00:08]} 0-1

[Event "ABC 2025 Groep C"]
[Site "Utrecht"]
[Date "????.??.??"]
[Round "1.6"]
[White "Margaryan, Aren"]
[Black "Zantingh, Kyo"]
[Result "1-0"]
[WhiteFideId "8994645"]
[BlackFideId "8876582"]
[WhiteElo "1889"]
[BlackElo "1659"]

1. e4 {[%clk 00:55:18]} {[%emt 00:00:01]} c5 {[%clk 00:55:15]} {[%emt
00:00:06]} 2. c3 {[%clk 00:55:22]} {[%emt 00:00:06]} g6 {[%clk 00:53:30]}
{[%emt 00:01:54]} 3. d4 {[%clk 00:55:18]} {[%emt 00:00:14]} cxd4 {[%clk
00:53:32]} {[%emt 00:00:08]} 4. cxd4 {[%clk 00:55:20]} {[%emt 00:00:09]} Bg7
{[%clk 00:53:37]} {[%emt 00:00:05]} 5. Nc3 {[%clk 00:54:46]} {[%emt 00:00:44]}
d6 {[%clk 00:52:39]} {[%emt 00:01:08]} 6. h3 {[%clk 00:53:43]} {[%emt
00:01:12]} Nd7 {[%clk 00:51:36]} {[%emt 00:01:13]} 7. Nf3 {[%clk 00:52:30]}
{[%emt 00:01:23]} Nb6 {[%clk 00:49:37]} {[%emt 00:02:10]} 8. a4 {[%clk
00:51:59]} {[%emt 00:00:41]} d5 {[%clk 00:47:33]} {[%emt 00:02:13]} 9. e5
{[%clk 00:50:26]} {[%emt 00:01:43]} Bf5 {[%clk 00:46:48]} {[%emt 00:00:55]} 10.
a5 {[%clk 00:50:15]} {[%emt 00:00:21]} Nc4 {[%clk 00:45:15]} {[%emt 00:01:44]}
11. Bxc4 {[%clk 00:43:03]} {[%emt 00:07:21]} dxc4 {[%clk 00:42:58]} {[%emt
00:02:27]} 12. Qa4+ {[%clk 00:41:29]} {[%emt 00:01:45]} Bd7 {[%clk 00:42:28]}
{[%emt 00:00:40]} 13. Qxc4 {[%clk 00:40:58]} {[%emt 00:00:40]} Rc8 {[%clk
00:41:15]} {[%emt 00:01:24]} 14. Qb3 {[%clk 00:38:56]} {[%emt 00:02:12]} Qc7
{[%clk 00:38:32]} {[%emt 00:02:52]} 15. Bf4 {[%clk 00:38:04]} {[%emt 00:00:58]}
e6 {[%clk 00:37:24]} {[%emt 00:01:23]} 16. Ne4 {[%clk 00:37:49]} {[%emt
00:00:25]} Bf8 {[%clk 00:34:55]} {[%emt 00:02:38]} 17. O-O {[%clk 00:36:19]}
{[%emt 00:01:40]} Bc6 {[%clk 00:33:41]} {[%emt 00:01:24]} 18. Rfc1 {[%clk
00:29:17]} {[%emt 00:07:12]} Qd7 {[%emt 00:01:25]} 19. Qe3 {[%clk 00:28:24]}
{[%emt 00:01:01]} Bxe4 {[%clk 00:30:49]} {[%emt 00:01:49]} 20. Qxe4 {[%clk
00:28:16]} {[%emt 00:00:19]} Rxc1+ {[%clk 00:30:46]} {[%emt 00:00:13]} 21. Rxc1
{[%clk 00:28:12]} {[%emt 00:00:13]} Ne7 {[%clk 00:30:38]} {[%emt 00:00:18]} 22.
a6 {[%clk 00:26:08]} {[%emt 00:02:15]} Nd5 {[%clk 00:29:08]} {[%emt 00:01:40]}
23. axb7 {[%clk 00:26:05]} {[%emt 00:00:13]} Qxb7 {[%clk 00:29:04]} {[%emt
00:00:14]} 24. Bg5 {[%clk 00:21:18]} {[%emt 00:04:55]} Bg7 {[%clk 00:28:23]}
{[%emt 00:00:52]} 25. Nd2 {[%clk 00:19:46]} {[%emt 00:01:39]} O-O {[%clk
00:27:39]} {[%emt 00:00:58]} 26. Nc4 {[%clk 00:19:35]} {[%emt 00:00:20]} Qb4
{[%clk 00:26:54]} {[%emt 00:00:56]} 27. Bd2 {[%clk 00:16:59]} {[%emt 00:02:45]}
Qb3 {[%clk 00:24:51]} {[%emt 00:02:13]} 28. Qc2 {[%clk 00:16:27]} {[%emt
00:00:42]} Qxc2 {[%clk 00:21:48]} {[%emt 00:03:14]} 29. Rxc2 {[%clk 00:16:34]}
{[%emt 00:00:03]} Rc8 {[%clk 00:21:48]} {[%emt 00:00:10]} 30. b3 {[%clk
00:16:11]} {[%emt 00:00:33]} Bf8 {[%clk 00:21:19]} {[%emt 00:00:39]} 31. Ra2
{[%clk 00:15:45]} {[%emt 00:00:37]} Rc7 {[%clk 00:20:57]} {[%emt 00:00:31]} 32.
Kf1 {[%clk 00:15:31]} {[%emt 00:00:23]} Kg7 {[%clk 00:20:50]} {[%emt 00:00:18]}
33. Ke2 {[%clk 00:15:34]} {[%emt 00:00:07]} Bb4 {[%clk 00:20:16]} {[%emt
00:00:44]} 34. Bxb4 {[%clk 00:15:28]} {[%emt 00:00:15]} Nxb4 {[%emt 00:00:08]}
35. Ra5 {[%emt 00:00:27]} Nd5 {[%clk 00:19:22]} {[%emt 00:00:29]} 36. g3 {[%clk
00:15:15]} {[%emt 00:00:22]} Nc3+ {[%clk 00:18:26]} {[%emt 00:01:08]} 37. Kd3
{[%clk 00:15:01]} {[%emt 00:00:23]} Nd1 {[%clk 00:18:13]} {[%emt 00:00:23]} 38.
Ra2 {[%clk 00:14:43]} {[%emt 00:00:24]} Rb7 {[%clk 00:17:14]} {[%emt 00:01:14]}
39. Na5 {[%clk 00:13:55]} {[%emt 00:00:57]} Rb5 {[%clk 00:17:01]} {[%emt
00:00:24]} 40. Kc4 {[%clk 00:13:39]} {[%emt 00:00:21]} Rb8 {[%clk 00:16:08]}
{[%emt 00:01:09]} 41. Rd2 {[%clk 00:13:10]} {[%emt 00:00:36]} Rc8+ {[%clk
00:15:42]} {[%emt 00:00:37]} 42. Kd3 {[%clk 00:12:12]} {[%emt 00:01:09]} Rc1
{[%clk 00:15:33]} {[%emt 00:00:18]} 43. b4 {[%clk 00:11:59]} {[%emt 00:00:23]}
Rb1 {[%clk 00:10:35]} {[%emt 00:05:09]} 44. Kc2 {[%clk 00:11:38]} {[%emt
00:00:27]} Rxb4 {[%clk 00:10:43]} {[%emt 00:00:06]} 45. Kxd1 {[%clk 00:10:46]}
{[%emt 00:01:02]} Ra4 {[%clk 00:10:47]} {[%emt 00:00:06]} 46. Nb3 {[%clk
00:10:37]} {[%emt 00:00:19]} Ra3 {[%clk 00:10:23]} {[%emt 00:00:34]} 47. Kc2
{[%clk 00:10:39]} {[%emt 00:00:07]} Ra2+ {[%clk 00:09:56]} {[%emt 00:00:38]} 48.
Kc3 {[%clk 00:10:03]} {[%emt 00:00:41]} Rxd2 {[%clk 00:09:49]} {[%emt
00:00:22]} 49. Kxd2 {[%clk 00:09:49]} {[%emt 00:00:24]} Kh6 {[%clk 00:09:55]}
{[%emt 00:00:04]} 50. Na5 {[%clk 00:09:44]} {[%emt 00:00:16]} Kg5 {[%emt
00:00:16]} 51. f4+ {[%clk 00:09:30]} {[%emt 00:00:23]} Kf5 {[%clk 00:09:26]}
{[%emt 00:00:34]} 52. Kd3 {[%clk 00:09:16]} {[%emt 00:00:22]} h5 {[%clk
00:08:55]} {[%emt 00:00:42]} 53. Nc6 {[%clk 00:09:11]} {[%emt 00:00:15]} g5
{[%clk 00:08:37]} {[%emt 00:00:28]} 54. Ne7# {[%clk 00:09:12]} {[%emt
00:00:08]} 1-0

[Event "ABC 2025 Groep C"]
[Site "Utrecht"]
[Date "????.??.??"]
[Round "1.7"]
[White "Wang, Yicheng"]
[Black "Seth, Aakrit"]
[Result "0-1"]
[WhiteFideId "9007757"]
[BlackFideId "9032397"]
[WhiteElo "1629"]
[BlackElo "1887"]

1. d4 {[%clk 00:55:15]} {[%emt 00:00:04]} d5 {[%clk 00:55:17]} {[%emt
00:00:06]} 2. Bf4 {[%clk 00:55:20]} {[%emt 00:00:03]} Nf6 {[%clk 00:55:21]}
{[%emt 00:00:05]} 3. Nf3 {[%clk 00:55:21]} {[%emt 00:00:09]} e6 {[%clk
00:55:16]} {[%emt 00:00:15]} 4. e3 {[%clk 00:55:22]} {[%emt 00:00:10]} Bd6
{[%clk 00:54:52]} {[%emt 00:00:33]} 5. Bg3 {[%clk 00:55:08]} {[%emt 00:00:25]}
O-O {[%clk 00:54:45]} {[%emt 00:00:15]} 6. Bd3 {[%clk 00:54:52]} {[%emt
00:00:28]} c5 {[%clk 00:54:47]} {[%emt 00:00:07]} 7. c3 {[%clk 00:54:30]}
{[%emt 00:00:33]} Nc6 {[%clk 00:54:43]} {[%emt 00:00:13]} 8. O-O {[%clk
00:54:19]} {[%emt 00:00:21]} Re8 {[%clk 00:53:39]} {[%emt 00:01:14]} 9. Nbd2
{[%clk 00:52:56]} {[%emt 00:01:33]} e5 {[%clk 00:51:10]} {[%emt 00:02:39]} 10.
dxe5 {[%clk 00:52:06]} {[%emt 00:01:01]} Nxe5 {[%clk 00:51:07]} {[%emt
00:00:12]} 11. Nxe5 {[%clk 00:51:44]} {[%emt 00:00:32]} Bxe5 {[%clk 00:51:10]}
{[%emt 00:00:06]} 12. Nf3 {[%clk 00:51:28]} {[%emt 00:00:27]} Bxg3 {[%clk
00:50:14]} {[%emt 00:01:06]} 13. hxg3 {[%clk 00:51:24]} {[%emt 00:00:14]} Bg4
{[%clk 00:50:03]} {[%emt 00:00:22]} 14. Be2 {[%clk 00:50:39]} {[%emt 00:00:55]}
Qb6 {[%clk 00:49:29]} {[%emt 00:00:43]} 15. Qb3 {[%clk 00:47:29]} {[%emt
00:03:21]} Qc7 {[%clk 00:47:17]} {[%emt 00:02:21]} 16. Rfd1 {[%clk 00:45:45]}
{[%emt 00:01:55]} Rad8 {[%clk 00:46:32]} {[%emt 00:00:54]} 17. Rac1 {[%clk
00:41:11]} {[%emt 00:04:45]} a6 {[%clk 00:45:28]} {[%emt 00:01:14]} 18. Qc2
{[%clk 00:37:43]} {[%emt 00:03:37]} Bh5 {[%clk 00:43:56]} {[%emt 00:01:42]} 19.
Nh4 {[%clk 00:31:08]} {[%emt 00:06:45]} Bxe2 {[%clk 00:38:39]} {[%emt
00:05:27]} 20. Qxe2 {[%clk 00:31:11]} {[%emt 00:00:23]} Qa5 {[%clk 00:37:25]}
{[%emt 00:01:12]} 21. a3 {[%clk 00:29:00]} {[%emt 00:02:18]} d4 {[%clk
00:35:47]} {[%emt 00:01:47]} 22. Rd3 {[%clk 00:26:08]} {[%emt 00:03:03]} Qb5
{[%clk 00:29:18]} {[%emt 00:06:38]} 23. Re1 {[%clk 00:19:25]} {[%emt 00:06:55]}
Ng4 {[%clk 00:24:07]} {[%emt 00:05:20]} 24. cxd4 {[%clk 00:15:35]} {[%emt
00:04:00]} cxd4 {[%clk 00:22:51]} {[%emt 00:01:26]} 25. Qd2 {[%clk 00:14:47]}
{[%emt 00:00:55]} dxe3 {[%clk 00:20:27]} {[%emt 00:02:37]} 26. Rexe3 {[%clk
00:13:29]} {[%emt 00:01:29]} Nxe3 {[%clk 00:14:43]} {[%emt 00:05:53]} 27. Rxd8
{[%clk 00:12:19]} {[%emt 00:01:20]} Qf1+ {[%clk 00:14:34]} {[%emt 00:00:18]} 28.
Kh2 {[%clk 00:12:20]} {[%emt 00:00:09]} Ng4+ {[%clk 00:14:29]} {[%emt
00:00:16]} 29. Kh3 {[%clk 00:11:58]} {[%emt 00:00:32]} Nxf2+ {[%clk 00:14:07]}
{[%emt 00:00:32]} 30. Qxf2 {[%clk 00:11:41]} {[%emt 00:00:27]} Qh1+ {[%clk
00:14:11]} {[%emt 00:00:05]} 31. Kg4 {[%clk 00:11:41]} {[%emt 00:00:11]} Rxd8
{[%clk 00:14:15]} {[%emt 00:00:06]} 32. Qf4 {[%clk 00:11:14]} {[%emt 00:00:37]}
Qd1+ {[%clk 00:13:44]} {[%emt 00:00:40]} 33. Kh3 {[%clk 00:10:56]} {[%emt
00:00:28]} Qd4 {[%clk 00:12:29]} {[%emt 00:01:24]} 34. Qg5 {[%clk 00:09:59]}
{[%emt 00:01:07]} h6 {[%clk 00:12:00]} {[%emt 00:00:41]} 35. Qc1 {[%clk
00:09:26]} {[%emt 00:00:41]} Qd1 {[%clk 00:10:35]} {[%emt 00:01:35]} 36. Qf4
{[%clk 00:09:00]} {[%emt 00:00:36]} g5 {[%clk 00:10:16]} {[%emt 00:00:30]} 37.
Qf6 {[%clk 00:07:32]} {[%emt 00:01:39]} gxh4 {[%clk 00:09:54]} {[%emt
00:00:31]} 38. Qxh6 {[%clk 00:06:56]} {[%emt 00:00:46]} Qh1+ {[%clk 00:08:20]}
{[%emt 00:01:44]} 39. Kg4 {[%clk 00:07:01]} {[%emt 00:00:05]} Rd4+ {[%clk
00:07:54]} {[%emt 00:00:35]} 40. Kf5 {[%clk 00:06:39]} {[%emt 00:00:33]} Qb1+
{[%clk 00:07:52]} {[%emt 00:00:12]} 41. Kg5 {[%clk 00:06:01]} {[%emt 00:00:49]}
Qc1+ {[%clk 00:07:44]} {[%emt 00:00:18]} 42. Kh5 {[%clk 00:05:50]} {[%emt
00:00:20]} Rd5+ {[%clk 00:07:42]} {[%emt 00:00:12]} 0-1